00370nam a2200121Ia 4500008004100000082002200041100002000063245003800083260004100121365001000162630003800172730003800210100415s9999 xx 000 0 und d b12856a598.2(998) aVaurie Charles aThe birds of the Palearctic fauna aLONDONc1959bH.F.& G. WITHERBY LTD. b236.5 aThe birds of the Palearctic fauna aThe birds of the Palearctic fauna